000 00400pam a2200169 a 4500
020 _a978-0-470-7252-5
_c
041 _h
082 _a641.5
100 _aJOHN BRADLEY
_eAuthor
245 _aCADBURYS PURLE REIGN
_cJOHN BRADLEY
_hTextual Documents
250 _a1st
260 _aengland
_bJohn Wiley & Sons
300 _a342
653 _afood production
700 _eCo-Author
930 _a580
999 _c227981
_d227981